000 00367 a2200169 4500
001 50371
020 _a8508045050
040 _cAnchieta - Bela Vista
100 _aAndersen, Hans Christian
240 1 0 _aPolegarzinha
_lpor
245 1 0 _aPolegarzinha
300 _a28
362 0 _a1998
440 1 _aÁtica
650 4 _aLiteratura infanto-juvenil
942 _cBK
999 _c50371
_d50371